000 004730000a22001810004500
041 0 _aENG
082 0 4 _aG 492.4 Y31e
100 1 _aYates, Kyle M.
245 1 0 _aThe essentials of biblical hebrew / Kyle M. Yates
250 _aRevised edition
260 _aNew York, NY., USA : Harper and Row
300 _axv, 227 Pag
001 10318
942 _cBK
999 _c39897
_d39897
336 _atexto
_btxt
_2rdacontent
337 _2rdamedia
_asin mediación
_bn
338 _2rdacarrier
_avolumen
_bnc